000 00556nam a2200193 i 4500
001 25120
003 ES-MaACL
005 20240209181030.0
007 t|
008 021220s1977 sp ||||1| spa d
245 0 4 _aLos aragoneses /
_cCarmen Granell... [et al.].
260 _aMadrid :
_bIstmo,
_c[1977]
300 _a507 p. :
_bil. ;
_c18 cm.
490 1 _aFundamentos ;
_v57
700 1 _aGranell, Carmen.
_959615
830 0 0 _aFundamentos (Ediciones Istmo)
_v57
_9121682
852 _aES-MaACL
_jA-7226
_bR.96264
999 _c25120
_d25120